Életmesék élő történelem - mozaikok Nógrádból

Bibliographic Details
Other Authors: Lukács, Ágnes (Editor)
Format: Book
Language:Hungarian
Published: [Komárno] TANDEM, n.o. 2016
Subjects:

MARC

LEADER 00000cam a2200000 4500
001 vtls011765921
003 SK-MaSNL
005 20260301142524.0
008 200104s2016 xo gr 000 0 hun
015 |a SNBA2018/09 
020 |a 9788097185145  |q (brožované) 
035 |a urn:nbn:sk:snk-am00d4wp 
035 |a urn:nbn:sk:snk-am3hlts 
035 |a F23A8552-CA09-4823-BC0D-C11B96990C8B 
040 |a SNK  |b slo  |c SNK  |e rda 
041 0 |a hun 
043 |a e-xo--- 
044 |a xo  |c SK 
072 7 |a 316.3  |x Globálne spoločnosti. Sociálna štruktúra. Sociálne skupiny  |2 konspekt 
080 |a 141.82  |2 2011 
080 |a 316.323.7  |2 2011 
080 |a (437.6)  |2 2011 
080 |a (0:82-322.6)  |2 2011 
080 |a (0:82-94)  |2 2011 
245 0 0 |a Életmesék  |b élő történelem - mozaikok Nógrádból  |c felelős kiadó: Urbán Péter ; szerkesztő: Lukács Ágnes 
246 3 0 |a Élő történelem - mozaikok Nógrádból 
264 1 |a [Komárno]  |b TANDEM, n.o.  |c 2016 
300 |a 109 strán  |c 21 cm 
336 |a text  |b txt  |2 rdacontent 
337 |a bez média  |b n  |2 rdamedia 
338 |a zväzok  |b nc  |2 rdacarrier 
500 |a Miesto vydania podľa NA ISBN 
500 |a Hrebeňová väzba 
504 |a Bibliografia na strane 107-108 ; bibliografické odkazy 
650 0 7 |a komunizmus  |2 SNKPH  |9 2152 
650 0 7 |a socializmus  |2 SNKPH  |9 2151 
650 0 7 |a Communism  |2 SNKPHeng  |9 285502 
650 0 7 |a Socialism  |2 SNKPHeng  |9 283036 
651 7 |a Novohrad (Slovensko : región)  |2 SNKPHgeo  |9 169944 
651 7 |a Novohrad (Slovakia : region)  |2 SNKPHeng  |9 157213 
655 7 |a biografické príbehy  |2 SNKPH  |9 70709 
655 7 |a spomienky  |2 SNKPH  |9 29509 
655 7 |a Biographical stories  |2 SNKPHeng  |9 286436 
655 7 |a Reminiscences  |2 SNKPHeng  |9 93477 
700 1 |a Urbán, Péter  |4 red  |9 361583 
700 1 |a Lukács, Ágnes  |4 edt  |9 498231 
919 |a 978-80-971851-4-5 
958 |a HU 
958 |a NB 
958 |a LX 
999 |c 770513  |d 772443 
952 |a SNK  |b SNK  |y PREZ  |7 0  |p 17A1333491  |o snkSC 180204  |i snk2018/14654  |8 0  |0 0  |1 0  |4 0  |d 2018-07-10  |f 1  |l 0  |r 2026-02-24 00:33:18  |w 2026-02-24